| 000 | 00999nam a2200301 a 4500 | ||
|---|---|---|---|
| 001 | 42323 | ||
| 003 | BD-RjUL | ||
| 005 | 20211209053526.0 | ||
| 008 | 160611s1976 nyu 001 0 eng | ||
| 020 |
_a0815601247 _a0815601255 |
||
| 035 | _a(BD-RjUL)42441 | ||
| 040 |
_aDLC _cDLC _dMYG _dBD-RjUL _beng |
||
| 041 | _aeng | ||
| 082 |
_223 _a320.9174927 _bISA 1976 |
||
| 100 | 1 |
_aIsmael, Tareq Y. _9130163 |
|
| 245 | 1 | 4 |
_aThe Arab left / _cTareq Y. Ismael. |
| 250 | _a1st.ed. | ||
| 260 |
_aSyracuse, N.Y. : _bSyracuse University Press, _c1976. |
||
| 300 |
_axi, 204 p. ; _c24 cm. |
||
| 490 | 1 |
_aContemporary issues in the Middle East series ; _v4 |
|
| 504 | _aInclude index. | ||
| 650 | 0 |
_aSocialism _zArab countries _xHistory. _9130164 |
|
| 650 | 0 |
_aPolitical parties _zArab countries. _9130165 |
|
| 650 | 0 |
_aNationalism _zArab countries. _9130166 |
|
| 651 | 0 |
_aArab countries _xPolitics and government. _9130167 |
|
| 830 | 0 |
_aContemporary issues in the Middle East ; _v4. _9130168 |
|
| 942 |
_2ddc _cBK |
||
| 999 |
_c42323 _d42323 |
||